000 03235namaa2200313 cb4500
001 BV005305351
003 DE-70
005 20251125180205.0
006 m|||| o||u| ||||||
007 tu
007 7
008 920527s1980 a||| |||| 00||| und d
020 _a9780367202415
_9978-0-367-20241-5
024 _a9780367202415
_a978-0-367-20241-5
040 _cRU-10907106
041 _aeng
100 _aHarper, Sally (Hrsg.); Barnwell, P (Hrsg.); Williamson, Magnus (Hrsg.)
_4aut
_967726
245 _aLate Medieval Liturgies Enacted
_bThe Experience of Worship in Cathedral and Parish Church
_cEdited by Sally Harper, P Barnwell and Magnus Williamson
264 _aLondon
_bTaylor & Francis Ltd; Routledge
_c2019
300 _a392 Seiten
336 _2rdacontent
_aText
_btxt
337 _2rdamedia
_aComputermedien
_bbc
338 _2rdacarrier
_aOnline Ressource
_bcr
490 _aMusic and Material Culture
500 _aE-Book / Zugriff nur im Lesesaal
520 _aIntroduction John HarperPart 1: Investigating the Experience of Late Medieval Worship in Medieval Church Buildings 1. Investigating the Experience of Late Medieval Worship John Harper2. Enacting Late Medieval Worship: Locations, Processes and Outcomes John HarperPart 2: Past Evidence and Present Realisation3. The Church of St Teilo, Llandeilo Tal-y-bont - A Moving Story Gerallt Nash4. Clothing the Space: Making and Using the Artefacts and Vestments Sally Harper5. A New Pre-Reformation Organ for the Church of St Teilo Dominic Gwynn6. Establishing a Liturgical Text: Text for Performance, Performance as Text Matthew Cheung Salisbury7. How Did They Do Liturgy? Preparing Late Medieval Text for Modern Enactment Sally Harper and John Harper8. Quadring Cows: Resourcing Music in the Pre-Reformation Parish Magnus WilliamsonPart 3: Historical Foundations - Three Case Studies 9. The Reform of the Choir of Salisbury Cathedral, c.1450-1549 Roger Bowers10. The Musical Knowledge and Practice of Expert Tudor Descanters Jane Flynn11. The Holy Name of Jesus: A Literate Cult? Judith AvelingPart 4: Medieval Liturgy and Modern Enactment 12. The Nature of Late Medieval Worship: The Mass P. S. Barnwell13. The Celebrant Reflects: Theological and Spiritual Priorities expressed through Sarum Use Jeremy Davies14. Enabling the Ritual: Aspects of the Experience of Assisting Clergy, Servers, Singers and Organ-Player John Harper15. How to do Without Rubrics: Experiments in Reconstructing Medieval Lay Experience P. S. Barnwell 16. Reflections on the Enactments: Voices from the Nave Keith Beasley, Judith Aveling and John Francis MossPart 5: Reflecting on Present Experience of Past Rituals 17. Reconciling the Historical and the Contemporary in Liturgical Enactment Nils Holger Petersen18. The Ritual Enactments: Historical Validity, Measurable Outcomes, Experience and Engagement John Harper19. Enactment and the Study of Late Medieval Liturgy John HarperAppendicesA.1 Summary Narrative of Mass of the Day in ChoirA.2 Summary narrative of simple sung Mass with priest, server and singersA.3 Plan of Salisbury CathedralA.4 Plan of St Teilos Church.BibliographyIndex
856 _zVolltext
_uhttps://www.taylorfrancis.com/books/9781315528052
942 _cEB
_2z
999 _c73246
_d73246